000 00316nam a2200133Ia 4500
005 20260326235439.0
008 260326s9999||||xx |||||||||||||| ||und||
100 _aAshby, Mike
245 0 _aMaterials and Design /
_cMike Ashby
260 _bElsevier
300 _a336 p.
650 _aDISEÑO INDUSTRIAL
942 _cBK
999 _c7323
_d7323